[Event "Solingen Karneval op"]
[Site "Solingen"]
[Date "2017.02.25"]
[Round "3"]
[White "Ebert, Juergen"]
[Black "Berelowitsch, Dana"]
[Result "1-0"]
[WhiteElo "1914"]
[BlackElo "1528"]
[PlyCount "103"]
[EventDate "2017.02.24"]
[EventType "swiss"]
[EventRounds "5"]
[EventCountry "GER"]
[SourceTitle "EXT 2018"]
[Source "ChessBase"]
[SourceDate "2017.10.13"]
[SourceVersion "1"]
[SourceVersionDate "2017.10.13"]
[SourceQuality "1"]

1. e4 c5 2. Nc3 g6 3. g3 Bg7 4. Bg2 Nc6 5. d3 Nf6 6. Be3 d6 7. h3 0-0 8. Qd2 a6 9. Bh6 b5 10. Bxg7 Kxg7 11. e5 dxe5 12. Bxc6 Rb8 13. Bg2 b4 14. Ne4 Qb6 15. Nf3 Nxe4 16. dxe4 Rd8 17. Qe3 f6 18. 0-0 Be6 19. b3 Qb5 20. Rfd1 c4 21. Bf1 a5 22. Rxd8 Rxd8 23. Nd2 Qd7 24. Nxc4 Bxh3 25. Kh2 Be6 26. Nb2 Qc8 27. Bc4 Bd7 28. Rd1 h5 29. Qa7 Qc6 30. Qxa5 Rh8 31. Qd5 Qxd5 32. Bxd5 h4 33. Nd3 hxg3+ 34. Kxg3 e6 35. Bc4 Bc6 36. Nc5 Rh5 37. Nxe6+ Kh7 38. Bd5 Bb5 39. Kg2 Be2 40. Rd2 Bb5 41. Nc7 Bd7 42. Bg8+ Kxg8 43. Rxd7 f5 44. exf5 gxf5 45. Nd5 Kf8 46. Nxb4 e4 47. a4 f4 48. Rd5 f3+ 49. Kg3 Rh7 50. Re5 Rg7+ 51. Kf4 Rg2 52. Ke3 1-0

[Event "Schwert von Luelsdorf op 27th"]
[Site "Niederkassel"]
[Date "2016.09.04"]
[Round "1"]
[White "Orlov, Andrey"]
[Black "Ebert, Juergen"]
[Result "1-0"]
[WhiteElo "2481"]
[BlackElo "1914"]
[PlyCount "77"]
[EventDate "2016.09.04"]
[EventType "swiss (rapid)"]
[EventRounds "9"]
[EventCountry "GER"]
[SourceTitle "CBM 174 Extra"]
[Source "ChessBase"]
[SourceDate "2016.10.10"]
[SourceVersion "1"]
[SourceVersionDate "2016.10.10"]
[SourceQuality "1"]

1. e4 d5 2. Nc3 d4 3. Nce2 e5 4. d3 Be6 5. Nf3 f6 6. Ng3 c5 7. Be2 Nc6 8. Nh4 Nge7 9. 0-0 Ng6 10. Nhf5 Nf4 11. Bxf4 exf4 12. Nh5 Qc7 13. Qd2 g6 14. Nxf4 Bf7 15. Ng3 0-0-0 16. Bg4+ Kb8 17. Ne6 Bxe6 18. Bxe6 h5 19. f4 h4 20. Ne2 Bh6 21. Qe1 Rde8 22. Bd5 Nb4 23. Bb3 g5 24. Qf2 h3 25. g3 Nc6 26. Rae1 Rh7 27. Kh1 Rg7 28. Qf3 g4 29. Qf2 f5 30. exf5 Nb4 31. f6 Qc6+ 32. Kg1 Qxf6 33. Nc1 Rge7 34. Ba4 Rf8 35. Rxe7 Qxe7 36. Re1 Qd8 37. Bb3 Nc6 38. Qe2 a6 39. Qxg4 1-0

[Event "GER-chT11-B1 email"]
[Site "GER email"]
[Date "2015.10.15"]
[Round "?.1"]
[White "Ebert, Juergen"]
[Black "Weber, Joerg"]
[Result "1/2-1/2"]
[WhiteElo "2432"]
[BlackElo "2271"]
[PlyCount "40"]
[EventDate "2015.??.??"]
[EventType "tourn (corr)"]
[EventRounds "8"]
[EventCountry "GER"]
[SourceTitle "Corr 2017"]
[Source "ChessBase"]
[SourceDate "2017.09.19"]
[SourceVersion "1"]
[SourceVersionDate "2017.09.19"]
[SourceQuality "1"]
[WhiteTeam "FC Concordia Viersen"]
[BlackTeam "SF Kelkheim"]

1. Nf3 Nf6 2. c4 e6 3. g3 d5 4. d4 dxc4 5. Bg2 a6 6. 0-0 Nc6 7. e3 Bd7 8. Qe2 b5 9. b3 cxb3 10. axb3 Be7 11. Bd2 0-0 12. Rc1 Bd6 13. Nc3 e5 14. Nxb5 e4 15. Nxd6 cxd6 16. Ng5 d5 17. Nh3 Qb6 18. Nf4 Qxb3 19. Bf1 Rfb8 20. Rc5 Nd8 1/2-1/2

[Event "GER-chT11-B1 email"]
[Site "GER email"]
[Date "2015.10.15"]
[Round "?.1"]
[White "Schmenger, Juergen"]
[Black "Ebert, Juergen"]
[Result "1/2-1/2"]
[WhiteElo "2411"]
[BlackElo "2432"]
[PlyCount "55"]
[EventDate "2015.??.??"]
[EventType "tourn (corr)"]
[EventRounds "8"]
[EventCountry "GER"]
[SourceTitle "Corr 2017"]
[Source "ChessBase"]
[SourceDate "2017.09.19"]
[SourceVersion "1"]
[SourceVersionDate "2017.09.19"]
[SourceQuality "1"]
[WhiteTeam "FSG Sparrenburg Bielefeld"]
[BlackTeam "FC Concordia Viersen"]

1. e4 c5 2. Nf3 e6 3. d4 cxd4 4. Nxd4 Nc6 5. Nc3 Qc7 6. Be3 a6 7. Qd2 Nf6 8. 0-0-0 Be7 9. f3 b5 10. Kb1 0-0 11. g4 Ne5 12. g5 Nh5 13. Rg1 Rb8 14. f4 Nc4 15. Bxc4 bxc4 16. Ka1 Bb7 17. Nde2 Bc6 18. Qd4 Rfc8 19. f5 g6 20. Rgf1 Bb4 21. Bc1 Qxh2 22. Rh1 Qc7 23. fxg6 fxg6 24. Rxh5 gxh5 25. g6 e5 26. Qxc4+ d5 27. Nxd5 Bxd5 28. Qxd5+ 1/2-1/2

[Event "GER-chT11-B1 email"]
[Site "GER email"]
[Date "2015.10.15"]
[Round "?.1"]
[White "Schoen, Werner"]
[Black "Ebert, Juergen"]
[Result "1/2-1/2"]
[WhiteElo "2444"]
[BlackElo "2432"]
[PlyCount "43"]
[EventDate "2015.??.??"]
[EventType "tourn (corr)"]
[EventRounds "8"]
[EventCountry "GER"]
[SourceTitle "Corr 2017"]
[Source "ChessBase"]
[SourceDate "2017.09.19"]
[SourceVersion "1"]
[SourceVersionDate "2017.09.19"]
[SourceQuality "1"]
[WhiteTeam "ChessBaseUserClub"]
[BlackTeam "FC Concordia Viersen"]

1. e4 c5 2. Nf3 e6 3. d4 cxd4 4. Nxd4 Nc6 5. Nc3 Qc7 6. Be3 a6 7. Qd2 Nf6 8. 0-0-0 Be7 9. f3 b5 10. Kb1 Bb7 11. g4 Nxd4 12. Bxd4 0-0 13. Qf2 d5 14. g5 Nd7 15. exd5 b4 16. Ne4 Bxd5 17. Bd3 Rfd8 18. Qh4 g6 19. Bf6 Nxf6 20. Nxf6+ Bxf6 21. gxf6 Qc5 22. Qh6 1/2-1/2

[Event "Rheinhausen-ch op 18th"]
[Site "Rheinhausen"]
[Date "2014.02.07"]
[Round "3"]
[White "Ebert, Juergen"]
[Black "Guenaydin, Alperen"]
[Result "1-0"]
[WhiteElo "1885"]
[BlackElo "1912"]
[PlyCount "115"]
[EventDate "2014.01.10"]
[EventType "swiss"]
[EventRounds "7"]
[EventCountry "GER"]
[SourceTitle "EXT 2017"]
[Source "ChessBase"]
[SourceDate "2016.10.25"]
[SourceVersion "1"]
[SourceVersionDate "2016.10.25"]
[SourceQuality "1"]

1. e4 c5 2. Nc3 Nc6 3. d3 g6 4. g3 Bg7 5. Bg2 d6 6. Be3 Nd4 7. Qd2 Qa5 8. f4 Nh6 9. h3 f5 10. Nd5 Nxc2+ 11. Ke2 Qxd2+ 12. Kxd2 Nxe3 13. Kxe3 Bxb2 14. Rb1 Bd4+ 15. Ke2 Kd8 16. Nf3 Bg7 17. Ng5 e6 18. Ne3 fxe4 19. dxe4 Ke7 20. Nc4 b5 21. Nxd6 Ba6 22. e5 b4+ 23. Ke3 Rab8 24. g4 Rhd8 25. Rhd1 Rb6 26. Nde4 c4 27. Nc5 Bc8 28. Rxd8 Kxd8 29. Kd4 c3 30. Kc4 a5 31. Kb3 Bf8 32. Na4 Rb8 33. Nxh7 Be7 34. Rd1+ Ke8 35. Be4 Kf7 36. Ng5+ Kg7 37. Bc6 Bxg5 38. fxg5 Nf7 39. Re1 Nxg5 40. h4 Nf7 41. Nc5 Rb6 42. Ba4 Bb7 43. Nxb7 Rxb7 44. Kc4 Rc7+ 45. Kb5 c2 46. Rc1 Nxe5 47. Rxc2 Rxc2 48. Bxc2 Nxg4 49. Kxa5 Nf6 50. Kxb4 Nd5+ 51. Kc5 Nc3 52. a3 Kf6 53. Kc4 Ne2 54. a4 e5 55. a5 Nd4 56. Be4 Ne6 57. a6 Nc7 58. a7 1-0

[Event "Rheinhausen-ch op 18th"]
[Site "Rheinhausen"]
[Date "2014.01.24"]
[Round "2"]
[White "Hubert, Winfried"]
[Black "Ebert, Juergen"]
[Result "0-1"]
[WhiteElo "1626"]
[BlackElo "1885"]
[PlyCount "66"]
[EventDate "2014.01.10"]
[EventType "swiss"]
[EventRounds "7"]
[EventCountry "GER"]
[SourceTitle "EXT 2017"]
[Source "ChessBase"]
[SourceDate "2016.10.25"]
[SourceVersion "1"]
[SourceVersionDate "2016.10.25"]
[SourceQuality "1"]

1. d4 f5 2. Nf3 Nf6 3. e3 g6 4. c4 Bg7 5. Nc3 d6 6. Bd3 0-0 7. 0-0 Nc6 8. a3 Bd7 9. Qc2 e5 10. dxe5 dxe5 11. Be2 Qe8 12. Bd2 e4 13. Nd4 Qe5 14. Nxc6 Bxc6 15. Rfd1 Rf7 16. Nb5 b6 17. Bc3 Qe7 18. Nd4 Bb7 19. b4 Kh8 20. Rd2 Re8 21. Rad1 f4 22. Nb3 f3 23. Bf1 Ng4 24. g3 Bc8 25. c5 Rf5 26. Bxg7+ Kxg7 27. Qc3+ Kh6 28. h3 Ne5 29. Kh2 Rh5 30. Nd4 Bxh3 31. Bxh3 Qd7 32. Nf5+ Qxf5 33. g4 Qxg4 0-1

[Event "GER-chT10 LJ-22 Br01 email"]
[Site "GER email"]
[Date "2013.10.04"]
[Round "?"]
[White "Ebert, Juergen"]
[Black "Jankowiak, Andreas"]
[Result "1-0"]
[WhiteElo "2180"]
[BlackElo "2013"]
[PlyCount "71"]
[EventDate "2013.10.15"]
[EventType "tourn (corr)"]
[EventRounds "8"]
[EventCountry "GER"]
[SourceTitle "Corr 2015"]
[Source "ChessBase"]
[SourceDate "2015.07.17"]
[SourceVersion "1"]
[SourceVersionDate "2015.07.17"]
[SourceQuality "1"]

1. e4 e6 2. d4 d5 3. Nc3 Bb4 4. e5 c5 5. a3 Bxc3+ 6. bxc3 Ne7 7. a4 Qc7 8. Nf3 h6 9. Bd3 b6 10. a5 bxa5 11. 0-0 c4 12. Be2 0-0 13. Ba3 Nbc6 14. Nh4 Bd7 15. f4 Rae8 16. Qd2 Qd8 17. g4 f6 18. Bf3 a4 19. exf6 Rxf6 20. g5 hxg5 21. fxg5 Rff8 22. g6 Nc8 23. Bxf8 Rxf8 24. Ng2 Nd6 25. h4 Ne7 26. Qg5 Qe8 27. Rae1 a3 28. Qe5 Ndf5 29. h5 Qd8 30. Bg4 Nc6 31. Qf4 Nce7 32. Ne3 a5 33. Bxf5 Nxf5 34. Ra1 Re8 35. Nxf5 exf5 36. Rfe1 1-0

[Event "GER-chT10 LJ-22 Br01 email"]
[Site "GER email"]
[Date "2013.10.04"]
[Round "?"]
[White "Ebert, Juergen"]
[Black "Schulz, Guenter"]
[Result "1/2-1/2"]
[WhiteElo "2180"]
[BlackElo "2162"]
[PlyCount "73"]
[EventDate "2013.10.15"]
[EventType "tourn (corr)"]
[EventRounds "8"]
[EventCountry "GER"]
[SourceTitle "Corr 2015"]
[Source "ChessBase"]
[SourceDate "2015.07.17"]
[SourceVersion "1"]
[SourceVersionDate "2015.07.17"]
[SourceQuality "1"]

1. d4 Nf6 2. c4 e5 3. dxe5 Ng4 4. Bf4 Nc6 5. Nf3 Bb4+ 6. Nc3 Bxc3+ 7. bxc3 Qe7 8. Qd5 f6 9. exf6 Nxf6 10. Qd3 d6 11. g3 0-0 12. Bg2 Re8 13. 0-0 Qxe2 14. Qxe2 Rxe2 15. Nd4 Nxd4 16. cxd4 h6 17. Rfe1 Rc2 18. Rec1 Rb2 19. Rcb1 Rc2 20. c5 dxc5 21. d5 Bf5 22. Rxb7 Be4 23. Bxe4 Nxe4 24. Rf1 Rd8 25. Rxa7 Rxd5 26. a4 c6 27. Rc7 Ng5 28. Be3 Re5 29. Bxg5 hxg5 30. Rxc6 c4 31. g4 Re4 32. h3 Ra2 33. Rc5 Rxa4 34. Rc1 Rf4 35. Rc2 Ra3 36. Kg2 Rff3 37. R2xc4 1/2-1/2